Văn hóa các dân tộc Việt Nam thống nhất mà đa dạng

Đã lưu trong:
Bibliografiske detaljer
Hovedforfatter: Nông, Quốc Chấn (đồng Chủ biên)
Andre forfattere: Huỳnh, Khái Vinh (đồng chủ biên)
Format: Bog
Sprog:Vietnamese
Udgivet: Hà Nội Hội Nhà văn 2018
Fag:
Tags: Tilføj Tag
Ingen Tags, Vær først til at tagge denne postø!
Thư viện lưu trữ: Trung tâm Học liệu Lê Vũ Hùng, Trường Đại học Đồng Tháp
LEADER 01029pam a22002538a 4500
001 00044320
005 20190705160731.0
008 170830s2017 ||||||viesd
020 # # |c 0  |a 978 604 70 2371 4 
041 0 # |a vie 
082 1 4 |a 398.095 97  |b V115H 
100 1 # |e đồng Chủ biên  |a Nông, Quốc Chấn 
245 1 0 |c Nông Quốc Chấn  |a Văn hóa các dân tộc Việt Nam thống nhất mà đa dạng 
260 # # |a Hà Nội  |c 2018  |b Hội Nhà văn 
300 # # |a 327 tr.  |c 21 cm. 
500 # # |a ĐTTS ghi: Liên hiệp các hội văn học nghệ thuật Việt Nam. Hội văn học nghệ thuật các dân tộc thiểu số Việt Nam 
653 # # |a Phong tục 
653 # # |a Việt Nam 
653 # # |a Văn hóa dân gian 
653 # # |a Đa dạng 
700 1 # |a Huỳnh, Khái Vinh  |e đồng chủ biên 
852 # # |j KD.0026052 
910 # # |d 5/7/2019 
980 # # |a Trung tâm Học liệu Lê Vũ Hùng, Trường Đại học Đồng Tháp